Online
Catalog

Web of Lucifer : (Record no. 3838)

MARC details
000 -CABECERA
campo de control de longitud fija 00529cam a2200169 a 4500
001 - NÚMERO DE CONTROL
campo de control 000004019
005 - FECHA Y HORA DE LA ÚLTIMA TRANSACCIÓN
campo de control 20200929150652.0
008 - DATOS DE LONGITUD FIJA--INFORMACIÓN GENERAL
campo de control de longitud fija 711124s1947 nyu 001 f eng
040 ## - FUENTE DE LA CATALOGACIÓN
Centro catalogador/agencia de origen DO-SdBNP
Lengua de catalogación spa
Centro/agencia transcriptor BNPHU
082 ## - NÚMERO DE LA CLASIFICACIÓN DECIMAL DEWEY
Número de clasificación 813.54
Número de documento/Ítem S193w
100 1# - ENTRADA PRINCIPAL--NOMBRE DE PERSONA
Nombre de persona Samuel, Maurice,
Fechas asociadas al nombre 1895-1972
9 (RLIN) 12025
245 10 - MENCIÓN DE TÍTULO
Título Web of Lucifer :
Resto del título a novel of the Borgia Fury /
Mención de responsabilidad, etc. Maurice Samuel.
260 ## - PUBLICACIÓN, DISTRIBUCIÓN, ETC.
Lugar de publicación, distribución, etc. New York :
Nombre del editor, distribuidor, etc. Alfred a Knopf,
Fecha de publicación, distribución, etc. 1947.
300 ## - DESCRIPCIÓN FÍSICA
Extensión 487 p. ;
Dimensiones 22 cm.
650 #4 - PUNTO DE ACCESO ADICIONAL DE MATERIA--TÉRMINO DE MATERIA
Término de materia o nombre geográfico como elemento de entrada Novela estadounidense
9 (RLIN) 262
650 #4 - PUNTO DE ACCESO ADICIONAL DE MATERIA--TÉRMINO DE MATERIA
Término de materia o nombre geográfico como elemento de entrada Literatura estadounidense
9 (RLIN) 263
Holdings
Estado de retiro Estado de pérdida Restricciones de uso No para préstamo Código de colección Localización permanente Ubicación/localización actual Ubicación en estantería Fecha de adquisición Número de inventario Total de préstamos Signatura topográfica completa Código de barras Fecha visto por última vez Precio válido a partir de Tipo de ítem Koha
    Préstamo interno   Monografías: Libros y Folletos General General En catalogación 15.07.2009 LF1   813.54 S193w 4019-10 25.06.2020 25.06.2020 Préstamo interno

Powered by Koha